Tal vez un prodigio / (Record no. 179904)

MARC details
000 -LEADER
campo de control de longitud fija 01348nam a2200349 i 4500
001 - NÚMERO DE CONTROL
campo de control 179904
003 - IDENTIFICADOR DE NÚMERO DE CONTROL
campo de control ES-MaACL
005 - FECHA Y HORA DE LA ÚLTIMA TRANSACCIÓN
campo de control 20250805005729.0
008 - DATOS DE LONGITUD FIJA--INFORMACIÓN GENERAL
campo de control de longitud fija 120222s2007 sp |||| | spa d
020 ## - NÚMERO INTERNACIONAL ESTÁNDAR DEL LIBRO
Número Internacional Estándar del Libro 978-84-95576-80-4
080 ## - NÚMERO DE LA CLASIFICACIÓN DECIMAL UNIVERSAL
Número de la Clasificación Decimal Universal 821.134.2-23"19"
100 1# - ENTRADA PRINCIPAL--NOMBRE DE PERSONA
Nombre de persona Hernández, Rodolfo.
9 (RLIN) 62864
245 10 - MENCIÓN DEL TÍTULO
Título Tal vez un prodigio /
Mención de responsabilidad, etc. de Rodolfo Hernández
Resto del título . Azabache : (las luces y los gritos) / de Marcial Suárez. Las tres hogueras / de Juan Antonio de Laiglesia ; edición de Blanca Baltés.
246 3# - FORMA VARIANTE DEL TITULO
Título propio/Titulo breve Premios Lope de Vega, 1970-1971
260 ## - PUBLICACIÓN, DISTRIBUCIÓN, ETC.
Lugar de publicación, distribución, etc. Madrid :
Nombre del editor, distribuidor, etc. Asociación de Directores de Escena de España,
Fecha de publicación, distribución, etc. [2007]
300 ## - DESCRIPCIÓN FÍSICA
Extensión 329 p. ;
Dimensiones 22 cm.
490 1# - MENCIÓN DE SERIE
Mención de serie Publicaciones de la ADE
490 1# - MENCIÓN DE SERIE
Mención de serie Premios Lope de Vega ;
Designación de volumen o secuencia 11
504 ## - NOTA DE BIBLIOGRAFÍA, ETC.
Nota de bibliografía, etc. Bibliografía: p. 63-71.
700 1# - ENTRADA AGREGADA--NOMBRE PERSONAL
Nombre de persona Suárez, Marcial.
9 (RLIN) 108573
700 1# - ENTRADA AGREGADA--NOMBRE PERSONAL
Nombre de persona Laiglesia, Juan Antonio de.
9 (RLIN) 146981
700 1# - ENTRADA AGREGADA--NOMBRE PERSONAL
Nombre de persona Baltés, Blanca.
9 (RLIN) 149431
710 2# - ENTRADA AGREGADA--NOMBRE DE ENTIDAD CORPORATIVA
Nombre de entidad corporativa o nombre de jurisdicción como elemento de entrada Asociación de Directores de Escena.
9 (RLIN) 159413
740 0# - ENTRADA AGREGADA--TÍTULO RELACIONADO/ANALÍTICO NO CONTROLADO
Título relacionado o analítico no controlado Azabache (las luces y los gritos)
740 4# - ENTRADA AGREGADA--TÍTULO RELACIONADO/ANALÍTICO NO CONTROLADO
Título relacionado o analítico no controlado Las tres hogueras.
830 0# - PUNTO DE ACCESO ADICIONAL DE SERIE-TÍTULO UNIFORME
Título uniforme Publicaciones de la ADE
9 (RLIN) 191140
830 00 - PUNTO DE ACCESO ADICIONAL DE SERIE-TÍTULO UNIFORME
Título uniforme Premios Lope de Vega
Designación de volumen o secuencia 11
9 (RLIN) 189480
852 ## - LOCALIZACIÓN
Ubicación ES-MaACL
itemnumber 186806
Sublocalización o colección R.148521
Número de control de estantería A-11983
Signatura antigua Olim: N-4988
Ubicación en estantería Depósito 1
942 ## - ELEMENTOS DE ENTRADA SECUNDARIOS (KOHA)
Fuente del sistema de clasificación o colocación Clasificación decimal universal
Tipo de ítem Koha Libro impreso
Holdings
Estatus retirado Estado de pérdida Fuente del sistema de clasificación o colocación Estado de daño No para préstamo Biblioteca de origen Biblioteca actual Ubicación en estantería Fecha de adquisición Fuente de adquisición Total de préstamos Signatura topográfica completa Código de barras Visto por última vez Precio de reemplazo Tipo de ítem Koha
    Clasificación decimal universal     Biblioteca del Ateneo de Madrid Biblioteca del Ateneo de Madrid Depósito 1 22/02/2012 Donación   A-11983 1188998 23/02/2023 23/02/2023 Libro impreso